| 000 | 01537nam a2200289 a 4500 | ||
|---|---|---|---|
| 003 | AR-BaBN | ||
| 005 | 20260605153049.0 | ||
| 007 | ta | ||
| 008 | 180531s2018 ag ado |r 00| 0 spa d | ||
| 020 | _a978-950-13-1282-9 | ||
| 040 |
_aAR-BaBN _bspa _cAR-RoUNCS |
||
| 245 | 0 | 0 |
_aAvanza construcción de ciudadanía 1 / _cCamogli, Pablo ... [et al.]. |
| 250 | _a1a ed. | ||
| 260 |
_aCiudad Autónoma de Buenos Aires : _bKapelusz, _cc2018. |
||
| 300 |
_a160 p. : _bil. col., diagrs. ; _c28 cm. |
||
| 505 | _aEje 1: en relación con la reflexión teórica -- Cap. 1: Identidades -- Eje 2: en relación con el cuidado de uno mismo y de los otros -- Cap. 2: La construcción de vínculos y afectos -- Eje 3: en relación con los derechos -- Cap. 3: La sociedad y la necesidad de normas -- Cap. 4: Los Derechos Humanos y la Constitución Nacional -- Eje 4: en relación con la igualdad y la diversidad -- Cap. 5: La igualdad y la diversidad en los distintos grupos sociales -- Cap. 6: La igualdad y la diversidad en la sociedad y la cultura -- Eje 5: en relación con la ciudadanía y la participación -- Cap. 7: Estado, democracia y ciudadanía -- Cap. 8: La participación ciudadana.- | ||
| 650 | 7 |
_aEducación cívica _2embne |
|
| 655 | 7 |
_aLibros de texto _2embne |
|
| 700 | 1 | _aCamogli, Pablo | |
| 700 | 1 | _aCanelo, Silvina | |
| 700 | 1 | _aCasola, Natalia | |
| 700 | 1 | _aMelcer, Damián | |
| 700 | 1 | _aVillalobos, Alfonso de | |
| 700 | 1 | _aVillegas, Matías | |
| 751 |
_aBuenos Aires _elugar de publicación _4pup |
||
| 942 |
_2udc _cOG _n0 |
||
| 999 |
_c1041 _d1041 |
||